000 00603nam a2200241Ia 4500
003 OSt
005 20221005121529.0
006 a|||||r|||| 00| 0
007 ta
008 221004b |||||||| |||| 00| 0 mal d
024 _a53372
037 _cTextual
040 _aCRL
_cCRL
_bmal
041 _2mal
_amal
082 _aO13,2D4,3, 32J9
100 _aEuripides Au.
_9155747
245 0 _aHippoly tus
260 _c1959
650 _a GREEK LITERATURE
650 _aGREEK DRAMA
_9585427
942 _hO13,2D4,3, 32J9
_cTEXL
_2cc
999 _c1041430
_d1041430